00663cam a2200205 a 4500020002800000020003500028041000800063082001700071245008000088260003900168300001700207650001200224650001700236650001000253700002000263700002100283942000700304952012900311999001700440 a0275965015 (alk. paper) a0275965023 (pbk. : alk. paper) aENG00a200.112bANG00aCaring for future generations : Jewish, Christian, and Islamic perspectives aWestport, Conn. :bPraeger,c1998. axv, 257 p. ; 0aJudaism 0aChristianity 0aIslam1 aAgius, Emanuel.1 aChircop, Lionel. cBK 00104070aHMIbHMIcGENd2025-06-27eKohinoor Book Distributorg3332.00l0o200.112 ANGp25982r2025-06-27w2025-06-27yBK c23541d23541